000 00790nam a2200277 i 4500
003 DO-SdBNP
005 20240402142742.0
007 ta
008 240402s1973 dr c 000 j spa d
020 _a843990746X
040 _aDO-SdBNP
_bspa
_cBNPHU
_erda
082 _bM816q
_222
100 _aMonzó, Antonio
_973841
_eautor
245 1 3 _aQuimica general :
_b5to curso educación media (plan de reforma /
_c Antonio Monzó
264 1 _aSanto Domingo :
_bDisesa,
_c1973
300 _a243 páginas, :
_bilustraciones ;
_c23 cm.
336 _2rdacontent
_atexto
_btxt
337 _2rdamedia
_asin mediación
_bn
338 _2rdacarrier
_avolumen
_bnc
590 _aInventariado, 2024/ DG
700 _985095
700 _99580
700 _985096
910 _aDG
942 _2ddc
_cLBS1
999 _c56216
_d56216